Štátna politika na podporu študentskej mobility v regióne Strednej Európy diplomová práca

Guardado en:
Detalles Bibliográficos
Autor principal: Zemaníková, Natália
Autor Corporativo: Fakulta medzinárodných vzťahov EU. Katedra medzinárodných ekonomických vzťahov a hospodárskej diplomacie
Otros Autores: Mattoš, Boris, 1977-
Formato: Libro
Lenguaje:eslovaco
Publicado: Bratislava 2025
Etiquetas: Agregar Etiqueta
Sin Etiquetas, Sea el primero en etiquetar este registro!

MARC

LEADER 00000nbm a2200000 4500
001 0309607
005 20260115135326.8
041 0 |a slo 
044 |a SK 
245 1 0 |a Štátna politika na podporu študentskej mobility v regióne Strednej Európy  |b diplomová práca  |c Natália Zemaníková ; školiteľ: Boris Mattoš 
264 1 |a Bratislava  |c 2025 
300 |a 100 s. 
100 1 |a Zemaníková, Natália 
700 1 |a Mattoš, Boris, 1977- 
710 2 |a Fakulta medzinárodných vzťahov EU. Katedra medzinárodných ekonomických vzťahov a hospodárskej diplomacie